| 000 | 02392nam a22002537a 4500 | ||
|---|---|---|---|
| 999 |
_c58058 _d58058 |
||
| 003 | Ge_BSU | ||
| 005 | 20221221135200.0 | ||
| 008 | 210603s2021 ge ||||| |||| 00| 0 geo d | ||
| 041 | _ageo | ||
| 080 | _a33 მ-29 | ||
| 100 |
_aმარგველაშვილი, ირაკლი _911948 |
||
| 245 |
_aსაინვესტიციო პროექტების რისკების მართვის პრობლემები და სრულყოფის გზები საქართველოში / _cირაკლი მარგველაშვილი; სამეცნიერო ხელმძღვანელი ვლადიმერ ღლონტი, გიორგი ღავთაძე; ბათუმის შოთა რუსთაველის სახელმწიფო უნივერსიტეტი. ეკონომიკისა და ბისნესის ფაკულტეტი. საფინანსო, საბანკო და სადაზღვევო საქმის დეპარტამენტი. |
||
| 264 |
_aბათუმი, _c2021. |
||
| 300 |
_a196 გვ. _b30 სმ. |
||
| 501 | _aდანართი გვ. 186-196 | ||
| 504 | _aბიბლიოგრ. გვ.176-185 | ||
| 653 | _aსაინვესტიციო პროექტების რისკების მართვის პრობლემები და სრულყოფის გზები საქართველოში | ||
| 653 | _aბიზნეს ადმინისტრირება | ||
| 653 | _aდისერტაცია | ||
| 700 |
_aღლონტი, ვლადიმერ _eსამეცნიერო ხელმძღვანელი _9907 |
||
| 700 |
_aღავთაძე, გიორგი _eსამეცნიერო ხელმძღვანელი _9846 |
||
| 710 |
_aბათუმის შოთა რუსთაველის სახელმწიფო უნივერსიტეტი. _bეკონომიკისა და ბისნესის ფაკულტეტი. საფინანსო, საბანკო და სადაზღვევო საქმის დეპარტამენტი _911949 |
||
| 942 |
_2udc _cDS |
||